དཔལ༌ལྡན༌འབྲུག༌པ༌རིན༌པོ༌ཆེ༌ཞབས༌དྲུང༌ངག༌དབང༌རྣམ༌རྒྱལ༌གྱི༌རྣམ༌ཐར། (Record no. 606)
[ view plain ]
| 000 -LEADER | |
|---|---|
| fixed length control field | 00687nam a2200181 4500 |
| 001 - CONTROL NUMBER | |
| control field | 849 |
| 005 - DATE AND TIME OF LATEST TRANSACTION | |
| control field | 20190801102057.0 |
| 008 - FIXED-LENGTH DATA ELEMENTS--GENERAL INFORMATION | |
| fixed length control field | 190801b ||||| |||| 00| 0 eng d |
| 090 00 - LOCALLY ASSIGNED LC-TYPE CALL NUMBER (OCLC); LOCAL CALL NUMBER (RLIN) | |
| Classification number (OCLC) (R) ; Classification number, CALL (RLIN) (NR) | 243.3 D699p1999 |
| 100 00 - MAIN ENTRY--PERSONAL NAME | |
| Personal name | Dorji, Sangay. |
| 245 00 - TITLE STATEMENT | |
| Title | དཔལ༌ལྡན༌འབྲུག༌པ༌རིན༌པོ༌ཆེ༌ཞབས༌དྲུང༌ངག༌དབང༌རྣམ༌རྒྱལ༌གྱི༌རྣམ༌ཐར། |
| Statement of responsibility, etc. | Sangay Dorji. |
| 246 ## - VARYING FORM OF TITLE | |
| Title proper/short title | [Biography of Zhadrung Ngawang Namgyel]. |
| 260 00 - PUBLICATION, DISTRIBUTION, ETC. | |
| Place of publication, distribution, etc. | Thimphu : |
| Name of publisher, distributor, etc. | KMT Publisher, |
| Date of publication, distribution, etc. | 1999. |
| 300 00 - PHYSICAL DESCRIPTION | |
| Extent | 399 p. : col. ill. |
| 500 00 - GENERAL NOTE | |
| General note | In Dzongkha. |
| 600 ## - SUBJECT ADDED ENTRY--PERSONAL NAME | |
| Personal name | Nag-dban-rnam-rgyal, Zabs-drun Rinpoche. |
| 942 ## - ADDED ENTRY ELEMENTS (KOHA) | |
| Source of classification or shelving scheme | Dewey Decimal Classification |
| Koha item type | Dzongkha |
| Withdrawn status | Lost status | Source of classification or shelving scheme | Damaged status | Not for loan | Collection code | Home library | Current library | Shelving location | Date acquired | Cost, normal purchase price | Serial Enumeration / chronology | Inventory number | Total Checkouts | Total Renewals | Full call number | Barcode | Date last seen | Date last checked out | Copy number | Price effective from | Koha item type |
|---|---|---|---|---|---|---|---|---|---|---|---|---|---|---|---|---|---|---|---|---|---|
| Dewey Decimal Classification | Dzongkha | RTC Library | RTC Library | Dzongkha | 30/03/2021 | 250.00 | 3565 | 10 | 2 | 920 DOR | 30002522 | 26/03/2024 | 22/03/2024 | 5 | 27/11/2018 | Dzongkha | |||||
| Missing | Dewey Decimal Classification | Dzongkha | RTC Library | RTC Library | Dzongkha | 21/07/2021 | 250.00 | 3564 | 2 | 1 | 243.3 Z632p 1999 DZONGKHA | 30004895 | 12/03/2019 | 11/03/2019 | 1 | 27/11/2018 | Dzongkha | ||||
| Dewey Decimal Classification | Dzongkha | RTC Library | RTC Library | Dzongkha | 22/03/2021 | 250.00 | 3563 | 9 | 3 | 920 DOR | 30002502 | 11/09/2025 | 04/09/2025 | 4 | 27/11/2018 | Dzongkha | |||||
| Dewey Decimal Classification | Dzongkha | RTC Library | RTC Library | Dzongkha | 01/03/2021 | 250.00 | 3561 | 7 | 2 | 920 DOR | 30002527 | 05/03/2026 | 16/08/2024 | 2 | 27/11/2018 | Dzongkha | |||||
| Dewey Decimal Classification | Dzongkha | RTC Library | RTC Library | Dzongkha | 03/01/2022 | 250.00 | 3562 | 2 | 920 DOR | 30002507 | 22/09/2025 | 09/09/2025 | 3 | 27/11/2018 | Dzongkha |